<?xml version="1.0" encoding="UTF-8"?>
<record
    xmlns:xsi="http://www.w3.org/2001/XMLSchema-instance"
    xsi:schemaLocation="http://www.loc.gov/MARC21/slim http://www.loc.gov/standards/marcxml/schema/MARC21slim.xsd"
    xmlns="http://www.loc.gov/MARC21/slim">

  <leader>02024nam a22003617a 4500</leader>
  <controlfield tag="005">20240617101402.0</controlfield>
  <controlfield tag="008">231212b     sp |||||||| |||| 00| 0 spa d</controlfield>
  <datafield tag="020" ind1=" " ind2=" ">
    <subfield code="a">8482592777 (o. c.)</subfield>
  </datafield>
  <datafield tag="020" ind1=" " ind2=" ">
    <subfield code="a">8482592823 (t. 1)</subfield>
  </datafield>
  <datafield tag="020" ind1=" " ind2=" ">
    <subfield code="a">8482592807 (t. 2)</subfield>
  </datafield>
  <datafield tag="020" ind1=" " ind2=" ">
    <subfield code="a">8482592831 (t. 3)</subfield>
  </datafield>
  <datafield tag="020" ind1=" " ind2=" ">
    <subfield code="a">848259284X (t. 4)</subfield>
  </datafield>
  <datafield tag="020" ind1=" " ind2=" ">
    <subfield code="a">8482592882 (t. 5)</subfield>
  </datafield>
  <datafield tag="020" ind1=" " ind2=" ">
    <subfield code="a">8482592815 (t. 6)</subfield>
  </datafield>
  <datafield tag="020" ind1=" " ind2=" ">
    <subfield code="a">8482592793 (t. 7)</subfield>
  </datafield>
  <datafield tag="020" ind1=" " ind2=" ">
    <subfield code="a">8482592858 (t. 8)</subfield>
  </datafield>
  <datafield tag="020" ind1=" " ind2=" ">
    <subfield code="a">8482592874 (t. 9)</subfield>
  </datafield>
  <datafield tag="020" ind1=" " ind2=" ">
    <subfield code="a">8482592866 (t. 10)</subfield>
  </datafield>
  <datafield tag="020" ind1=" " ind2=" ">
    <subfield code="a">8482592378 (t. 11)</subfield>
  </datafield>
  <datafield tag="050" ind1="0" ind2="4">
    <subfield code="a">AE61</subfield>
    <subfield code="b">B53 2001</subfield>
  </datafield>
  <datafield tag="245" ind1="0" ind2="0">
    <subfield code="a">Biblioteca general de consulta</subfield>
    <subfield code="c"> / direcci&#xF3;n Jaime Barnat ; producci&#xF3;n Jordi Vives.</subfield>
  </datafield>
  <datafield tag="250" ind1=" " ind2=" ">
    <subfield code="a">1a ed.</subfield>
  </datafield>
  <datafield tag="260" ind1=" " ind2=" ">
    <subfield code="a">Barcelona, Espa&#xF1;a :</subfield>
    <subfield code="b">Nauta,</subfield>
    <subfield code="c">2001.</subfield>
  </datafield>
  <datafield tag="300" ind1=" " ind2=" ">
    <subfield code="a">p.v :</subfield>
    <subfield code="b">il. ;</subfield>
    <subfield code="c">29 cm.</subfield>
  </datafield>
  <datafield tag="505" ind1="1" ind2=" ">
    <subfield code="t">T. 1 Ciencias experimentales</subfield>
    <subfield code="r"> / autor Josep Llu&#xED;s Hern&#xE1;ndez, Albert Violant, Maria Isabel Binimelis --</subfield>
    <subfield code="t">T. 2 Ciencias del lenguaje</subfield>
    <subfield code="r"> / autor Bel&#xE9;n Gar&#xED;, Matilde Leder --</subfield>
    <subfield code="t">T. 3 Ciencias matem&#xE1;ticas I</subfield>
    <subfield code="r"> / autor Josep Llu&#xED;s Hern&#xE1;ndez, Albert Violant, Maria Isabel Binimelis --</subfield>
    <subfield code="t">T. 4 Ciencias matem&#xE1;ticas II</subfield>
    <subfield code="r"> / autor Josep Llu&#xED;s Hern&#xE1;ndez, Albert Violant, Maria Isabel Binimelis --</subfield>
    <subfield code="t">T. 5 Ciencias mediambientales</subfield>
    <subfield code="r"> / autor Elisenda Bachs, Tom&#xE1;s Molina, Geroni Lorente --</subfield>
    <subfield code="t">T. 6 Ciencias naturales</subfield>
    <subfield code="r"> / Josep Llu&#xED;s Hern&#xE1;ndez, Elisenda Bachs, Frederic Estrada --</subfield>
    <subfield code="t">T. 7 Ciencias sociales</subfield>
    <subfield code="r"> / Frederic Estrada, Pilar Gar&#xED; --</subfield>
    <subfield code="t">T. 8 Expresi&#xF3;n literaria y art&#xED;stica</subfield>
    <subfield code="r"> / Jordi L&#xFA;ria, Belen Gar&#xED;, Clara Gar&#xED; --</subfield>
    <subfield code="t">T. 9 Inform&#xE1;tica y computaci&#xF3;n</subfield>
    <subfield code="r"> / David Rosado Mart&#xED;n, Nancy P&#xE9;rez Rey, F&#xE9;lix Rosado Mart&#xED;n --</subfield>
    <subfield code="t">T. 10 Tecnolog&#xED;a</subfield>
    <subfield code="r"> / Albert Violant, S&#xED;lvia Violant, Mar&#xED;a Luisa D&#xED;az --</subfield>
    <subfield code="t">T. 11 Temas de M&#xE9;xico.</subfield>
    <subfield code="r"> </subfield>
  </datafield>
  <datafield tag="650" ind1=" " ind2="7">
    <subfield code="2">lemb</subfield>
    <subfield code="a">Enciclopedia y diccionarios</subfield>
  </datafield>
  <datafield tag="700" ind1="1" ind2=" ">
    <subfield code="a">Hern&#xE1;ndez, Josep Llu&#xED;s,</subfield>
    <subfield code="e">autor</subfield>
  </datafield>
  <datafield tag="700" ind1="1" ind2=" ">
    <subfield code="a">Violant, Albert,</subfield>
    <subfield code="e">autor</subfield>
  </datafield>
  <datafield tag="700" ind1="1" ind2=" ">
    <subfield code="a">Bachs, Elisenda,</subfield>
    <subfield code="e">autor</subfield>
  </datafield>
  <datafield tag="700" ind1="1" ind2=" ">
    <subfield code="a">Barnat, Jaime,</subfield>
    <subfield code="e">director</subfield>
  </datafield>
  <datafield tag="700" ind1="1" ind2=" ">
    <subfield code="a">Vives, Jordi,</subfield>
    <subfield code="e">productor </subfield>
  </datafield>
  <datafield tag="942" ind1=" " ind2=" ">
    <subfield code="2">lcc</subfield>
    <subfield code="c">LIB</subfield>
  </datafield>
  <datafield tag="999" ind1=" " ind2=" ">
    <subfield code="c">125725</subfield>
    <subfield code="d">125725</subfield>
  </datafield>
  <datafield tag="952" ind1=" " ind2=" ">
    <subfield code="1">0</subfield>
    <subfield code="2">lcc</subfield>
    <subfield code="4">0</subfield>
    <subfield code="7">0</subfield>
    <subfield code="a">BACH-005</subfield>
    <subfield code="b">BACH-005</subfield>
    <subfield code="c">CONSULTA</subfield>
    <subfield code="d">2024-06-17</subfield>
    <subfield code="f">1a ed.</subfield>
    <subfield code="h">T:1</subfield>
    <subfield code="k">EH</subfield>
    <subfield code="l">0</subfield>
    <subfield code="o">AE61 B53 2001</subfield>
    <subfield code="p">PJM000004474</subfield>
    <subfield code="r">2024-06-17 11:18:14</subfield>
    <subfield code="t">1</subfield>
    <subfield code="v">1.00</subfield>
    <subfield code="y">LIB</subfield>
  </datafield>
  <datafield tag="952" ind1=" " ind2=" ">
    <subfield code="1">0</subfield>
    <subfield code="2">lcc</subfield>
    <subfield code="4">0</subfield>
    <subfield code="7">0</subfield>
    <subfield code="a">BACH-005</subfield>
    <subfield code="b">BACH-005</subfield>
    <subfield code="c">CONSULTA</subfield>
    <subfield code="d">2024-06-17</subfield>
    <subfield code="f">1a ed.</subfield>
    <subfield code="h">T:2 </subfield>
    <subfield code="k">EH</subfield>
    <subfield code="l">0</subfield>
    <subfield code="o">AE61 B53 2001</subfield>
    <subfield code="p">PJM000004475</subfield>
    <subfield code="r">2024-06-17 12:22:14</subfield>
    <subfield code="t">14</subfield>
    <subfield code="v">1.00</subfield>
    <subfield code="y">LIB</subfield>
  </datafield>
  <datafield tag="952" ind1=" " ind2=" ">
    <subfield code="1">0</subfield>
    <subfield code="2">lcc</subfield>
    <subfield code="4">0</subfield>
    <subfield code="7">0</subfield>
    <subfield code="a">BACH-005</subfield>
    <subfield code="b">BACH-005</subfield>
    <subfield code="c">CONSULTA</subfield>
    <subfield code="d">2024-06-17</subfield>
    <subfield code="f">1a ed.</subfield>
    <subfield code="h">T:3</subfield>
    <subfield code="k">EH</subfield>
    <subfield code="l">0</subfield>
    <subfield code="o">AE61 B53 2001</subfield>
    <subfield code="p">PJM000004476</subfield>
    <subfield code="r">2024-06-17 12:23:51</subfield>
    <subfield code="t">1</subfield>
    <subfield code="v">1.00</subfield>
    <subfield code="y">LIB</subfield>
  </datafield>
  <datafield tag="952" ind1=" " ind2=" ">
    <subfield code="1">0</subfield>
    <subfield code="2">lcc</subfield>
    <subfield code="4">0</subfield>
    <subfield code="7">0</subfield>
    <subfield code="a">BACH-005</subfield>
    <subfield code="b">BACH-005</subfield>
    <subfield code="c">CONSULTA</subfield>
    <subfield code="d">2024-06-17</subfield>
    <subfield code="f">1a ed.</subfield>
    <subfield code="h">T:4</subfield>
    <subfield code="k">EH</subfield>
    <subfield code="l">0</subfield>
    <subfield code="o">AE61 B53 2001</subfield>
    <subfield code="p">PJM000004477</subfield>
    <subfield code="r">2024-06-17 12:25:53</subfield>
    <subfield code="t">1</subfield>
    <subfield code="v">1.00</subfield>
    <subfield code="y">LIB</subfield>
  </datafield>
  <datafield tag="952" ind1=" " ind2=" ">
    <subfield code="1">0</subfield>
    <subfield code="2">lcc</subfield>
    <subfield code="4">0</subfield>
    <subfield code="7">0</subfield>
    <subfield code="a">BACH-005</subfield>
    <subfield code="b">BACH-005</subfield>
    <subfield code="c">CONSULTA</subfield>
    <subfield code="d">2024-06-17</subfield>
    <subfield code="f">1a ed.</subfield>
    <subfield code="h">T:5</subfield>
    <subfield code="k">EH</subfield>
    <subfield code="l">0</subfield>
    <subfield code="o">AE61 B53 2001</subfield>
    <subfield code="p">PJM000004478</subfield>
    <subfield code="r">2024-06-17 12:27:53</subfield>
    <subfield code="t">1</subfield>
    <subfield code="v">1.00</subfield>
    <subfield code="y">LIB</subfield>
  </datafield>
  <datafield tag="952" ind1=" " ind2=" ">
    <subfield code="1">0</subfield>
    <subfield code="2">lcc</subfield>
    <subfield code="4">0</subfield>
    <subfield code="7">0</subfield>
    <subfield code="a">BACH-005</subfield>
    <subfield code="b">BACH-005</subfield>
    <subfield code="c">CONSULTA</subfield>
    <subfield code="d">2024-06-17</subfield>
    <subfield code="f">1a ed.</subfield>
    <subfield code="h">T:6</subfield>
    <subfield code="k">EH</subfield>
    <subfield code="l">0</subfield>
    <subfield code="o">AE61 B53 2001</subfield>
    <subfield code="p">PJM000004479</subfield>
    <subfield code="r">2024-06-17 12:30:32</subfield>
    <subfield code="t">1</subfield>
    <subfield code="v">1.00</subfield>
    <subfield code="y">LIB</subfield>
  </datafield>
  <datafield tag="952" ind1=" " ind2=" ">
    <subfield code="1">0</subfield>
    <subfield code="2">lcc</subfield>
    <subfield code="4">0</subfield>
    <subfield code="7">0</subfield>
    <subfield code="a">BACH-005</subfield>
    <subfield code="b">BACH-005</subfield>
    <subfield code="c">CONSULTA</subfield>
    <subfield code="d">2024-06-17</subfield>
    <subfield code="f">1a ed.</subfield>
    <subfield code="h">T:7</subfield>
    <subfield code="k">EH</subfield>
    <subfield code="l">0</subfield>
    <subfield code="o">AE61 B53 2001</subfield>
    <subfield code="p">PJM000004480</subfield>
    <subfield code="r">2024-06-17 12:32:43</subfield>
    <subfield code="t">1</subfield>
    <subfield code="v">1.00</subfield>
    <subfield code="y">LIB</subfield>
  </datafield>
  <datafield tag="952" ind1=" " ind2=" ">
    <subfield code="1">0</subfield>
    <subfield code="2">lcc</subfield>
    <subfield code="4">0</subfield>
    <subfield code="7">0</subfield>
    <subfield code="a">BACH-005</subfield>
    <subfield code="b">BACH-005</subfield>
    <subfield code="c">CONSULTA</subfield>
    <subfield code="d">2024-06-17</subfield>
    <subfield code="f">1a ed.</subfield>
    <subfield code="h">T:8</subfield>
    <subfield code="k">EH</subfield>
    <subfield code="l">0</subfield>
    <subfield code="o">AE61 B53 2001</subfield>
    <subfield code="p">PJM000004481</subfield>
    <subfield code="r">2024-06-17 12:35:26</subfield>
    <subfield code="t">1</subfield>
    <subfield code="v">1.00</subfield>
    <subfield code="y">LIB</subfield>
  </datafield>
  <datafield tag="952" ind1=" " ind2=" ">
    <subfield code="1">0</subfield>
    <subfield code="2">lcc</subfield>
    <subfield code="4">0</subfield>
    <subfield code="7">0</subfield>
    <subfield code="a">BACH-005</subfield>
    <subfield code="b">BACH-005</subfield>
    <subfield code="c">CONSULTA</subfield>
    <subfield code="d">2024-06-17</subfield>
    <subfield code="f">1a ed.</subfield>
    <subfield code="h">T:9</subfield>
    <subfield code="k">EH</subfield>
    <subfield code="l">0</subfield>
    <subfield code="o">AE61 B53 2001</subfield>
    <subfield code="p">PJM000004482</subfield>
    <subfield code="r">2024-06-17 12:37:39</subfield>
    <subfield code="t">1</subfield>
    <subfield code="v">1.00</subfield>
    <subfield code="y">LIB</subfield>
  </datafield>
  <datafield tag="952" ind1=" " ind2=" ">
    <subfield code="1">0</subfield>
    <subfield code="2">lcc</subfield>
    <subfield code="4">0</subfield>
    <subfield code="7">0</subfield>
    <subfield code="a">BACH-005</subfield>
    <subfield code="b">BACH-005</subfield>
    <subfield code="c">CONSULTA</subfield>
    <subfield code="d">2024-06-17</subfield>
    <subfield code="f">1a ed.</subfield>
    <subfield code="h">T:10</subfield>
    <subfield code="k">EH</subfield>
    <subfield code="l">0</subfield>
    <subfield code="o">AE61 B53 2001</subfield>
    <subfield code="p">PJM000004483</subfield>
    <subfield code="r">2024-06-17 12:39:48</subfield>
    <subfield code="t">1</subfield>
    <subfield code="v">1.00</subfield>
    <subfield code="y">LIB</subfield>
  </datafield>
  <datafield tag="952" ind1=" " ind2=" ">
    <subfield code="1">0</subfield>
    <subfield code="2">lcc</subfield>
    <subfield code="4">0</subfield>
    <subfield code="7">0</subfield>
    <subfield code="a">BACH-005</subfield>
    <subfield code="b">BACH-005</subfield>
    <subfield code="c">CONSULTA</subfield>
    <subfield code="d">2024-06-17</subfield>
    <subfield code="f">1a ed.</subfield>
    <subfield code="h">T:11</subfield>
    <subfield code="k">EH</subfield>
    <subfield code="l">0</subfield>
    <subfield code="o">AE61 B53 2001</subfield>
    <subfield code="p">PJM000004484</subfield>
    <subfield code="r">2024-06-17 12:41:37</subfield>
    <subfield code="t">1</subfield>
    <subfield code="v">1.00</subfield>
    <subfield code="y">LIB</subfield>
  </datafield>
</record>
